Historia de las guerras civiles de España (Record no. 163663)
[ view plain ]
| 000 -LEADER | |
|---|---|
| campo de control de longitud fija | 00997nam a2200205 i 4500 |
| 001 - NÚMERO DE CONTROL | |
| campo de control | 163663 |
| 003 - IDENTIFICADOR DE NÚMERO DE CONTROL | |
| campo de control | ES-MaACL |
| 005 - FECHA Y HORA DE LA ÚLTIMA TRANSACCIÓN | |
| campo de control | 20230906212802.0 |
| 008 - DATOS DE LONGITUD FIJA--INFORMACIÓN GENERAL | |
| campo de control de longitud fija | 940615s1882 sp |||| |dspa d |
| 040 ## - FUENTE DE CATALOGACIÓN | |
| Centro catalogador/agencia de origen | AR |
| Lengua de catalogación | spa |
| 080 ## - NÚMERO DE LA CLASIFICACIÓN DECIMAL UNIVERSAL | |
| Número de la Clasificación Decimal Universal | 929 López de Mendoza y Pons, Agustin |
| 080 ## - NÚMERO DE LA CLASIFICACIÓN DECIMAL UNIVERSAL | |
| Número de la Clasificación Decimal Universal | 94(460)"1700/14"(093.3) |
| 100 1# - ENTRADA PRINCIPAL--NOMBRE DE PERSONA | |
| Nombre de persona | López de Mendoza y Pons, Agustín |
| Títulos y otros términos asociados al nombre | Conde de Robres. |
| 9 (RLIN) | 131902 |
| 245 10 - MENCIÓN DEL TÍTULO | |
| Título | Historia de las guerras civiles de España |
| Resto del título | : desde la muerte del señor Carlos II, que sucedió en 1º de noviembre de 1700, distribuida en ocho libros, por los mismos años regulados hasta el de 1708 / |
| Mención de responsabilidad, etc. | escrita por el Sr. Agustín López de Mendoza y Pons. |
| 260 ## - PUBLICACIÓN, DISTRIBUCIÓN, ETC. | |
| Lugar de publicación, distribución, etc. | Zaragoza : |
| Nombre del editor, distribuidor, etc. | Diputación Provincial, |
| Fecha de publicación, distribución, etc. | 1882 ( |
| Fabricante | Imp. del Hospicio Provincial) |
| 300 ## - DESCRIPCIÓN FÍSICA | |
| Extensión | XV, 408 p. ; |
| Dimensiones | 30 cm. |
| 600 14 - PUNTO DE ACCESO ADICIONAL DE MATERIA--NOMBRE DE PERSONA | |
| Nombre de persona | López de Mendoza y Pons, Agustín |
| Títulos y otros términos asociados al nombre | Conde de Robres. |
| 9 (RLIN) | 131902 |
| 650 #4 - PUNTO DE ACCESO ADICIONAL DE MATERIA--TÉRMINO DE MATERIA | |
| Término de materia o nombre geográfico como elemento de entrada | Guerra de Sucesión española, 1700-1714- |
| Subdivisión de forma | Relatos personales. |
| 9 (RLIN) | 160896 |
| 852 ## - LOCALIZACIÓN | |
| Ubicación | ES-MaACL |
| Número de control de estantería | B-11592 |
| Nota libre | - enc. hol. |
| Estatus retirado | Estado de pérdida | Estado de daño | No para préstamo | Colección | Biblioteca de origen | Biblioteca actual | Ubicación en estantería | Fecha de adquisición | Fuente de adquisición | Total de préstamos | Signatura topográfica completa | Código de barras | Visto por última vez | Precio de reemplazo | Tipo de ítem Koha |
|---|---|---|---|---|---|---|---|---|---|---|---|---|---|---|---|
| Libros del s. XIX | Biblioteca del Ateneo de Madrid | Biblioteca del Ateneo de Madrid | Sala Pardo Bazán | 17/01/2008 | B-11592 | 1171506 | 23/02/2023 | 23/02/2023 | Libro impreso antiguo |
